000 00849nam a2200217 i 4500
001 188319
003 SpMaBN
005 20260305152345.0
008 180807s1924 sp |||| | spa d
080 _a821.134.2-22"18"
100 1 _aAcebal, Francisco,
_d1866-1933
_918208
245 1 0 _aRáfaga de pasión
_b: comedia en tres actos /
_cFrancisco Acebal.
260 _aMadrid :
_b[s.n.],
_c1924 (
_fTip. de la Revista de Archivos)
300 _a172 p. ;
_c20 cm.
530 _aDisponible en formato digital.
594 _aEn port.: Estrenada en el Teatro de Eslava el 24 de mayo de 1924.
852 _aES-MaACL
_jL-32221
_cDEPO2
_h Donante: herederos de la biblioteca de Mª del Pilar Costa Palacín
856 4 _uhttp://bdh-rd.bne.es/viewer.vm?id=0000187843&page=1
_yBiblioteca Digital Hispánica
942 _2udc
999 _c188319
_d188319